Scrambled capital cities - Statistics

General Stats
  • This quiz has been taken 45 times
  • The average score is 10 of 15
Answer Stats
Answer % Correct
Thimphu
83%
Windhoek
79%
Funafuti
76%
Nicosia
72%
Tegucigalpa
72%
Bratislava
69%
Honiara
69%
Palikir
69%
Asuncion
66%
Castries
66%
Gaborone
66%
Ngerulmud
66%
Dushanbe
62%
Kathmandu
62%
Mogadishu
62%
No matching quizzes found
Score Distribution
Percent of People with Each Score
Percentile by Number Answered
Your Score History
You have not taken this quiz